000 00324nam a22001337a 4500
020 _a81-8131-098-5
041 _aENG
100 _aBeitannica
245 _aBeitannica Ready Reference Encyclopedia Vol 10
260 _aNew Delhi
_bBeitannica
_c2006
300 _a252
650 _aCompetitive Exam
856 _uCompetitive Exam
999 _c2441
_d2441